Public consultation on detail of proposed extension to congestion charging zone begins (Record no. 75224)

MARC details
000 -LEADER
fixed length control field 01360cab a2200193 4500
001 - CONTROL NUMBER
control field L129711
008 - FIXED-LENGTH DATA ELEMENTS--GENERAL INFORMATION
fixed length control field 050513n2005 000 0 eng u
035 ## - SYSTEM CONTROL NUMBER
System control number (Sirsi) u129711
041 ## - LANGUAGE CODE
Language code of text/sound track or separate title eng
245 ## - TITLE STATEMENT
Title Public consultation on detail of proposed extension to congestion charging zone begins
260 ## - PUBLICATION, DISTRIBUTION, ETC.
Date of publication, distribution, etc. 2005
490 ## - SERIES STATEMENT
Series statement Transport for London Press Release
Volume/sequential designation 12 May 2005
520 ## - SUMMARY, ETC.
Summary, etc. Public consultation on detailed proposals to extend the Central London congestion charge westward started on 9 May 2005 and ends on 15 July 2005. The earlier spring 2004 consultation concentrated on the principle of a western extension of the Central London congestion charging scheme. The current consultation concerns Transport for London's detailed proposals for the scheme. The new proposals include: a modified charging zone boundary; an extension of the residents' discount sector for certain areas experiencing parking and severance problems; and the ending of charging hours at 6pm instead of 6.30pm. The consultation leaflet and questionnaire can be accessed and completed online.
520 ## - SUMMARY, ETC.
Summary, etc. Item not found when searched for online 20/10/11.
590 ## - LOCAL NOTE (RLIN)
Local note IKA190505
690 ## - LOCAL SUBJECT ADDED ENTRY--TOPICAL TERM (OCLC, RLIN)
Topical term or geographic name as entry element PROPERTY-INFRASTRUCTURE-ROAD INFRASTRUCTURE
856 ## - ELECTRONIC LOCATION AND ACCESS
Uniform Resource Identifier <a href="https://www.tfl.gov.uk/tfl/press-centre/press-releases">https://www.tfl.gov.uk/tfl/press-centre/press-releases</a>
Public note View the press release at www.tfl.gov.uk...
942 ## - ADDED ENTRY ELEMENTS (KOHA)
Suppress in OPAC 0
Holdings
Withdrawn status Lost status Source of classification or shelving scheme Damaged status Not for loan Home library Current library Shelving location Date acquired Total Checkouts Full call number Barcode Date last seen Copy number Price effective from Koha item type
    Dewey Decimal Classification     Virtual Virtual Online 13/05/2005   ONLINE PUBLICATION 129711-1001 06/08/2019 1 06/08/2019 Journal article